Ready-to-use baseball illustrations (Record no. 389189)

MARC details
000 -LEADER
fixed length control field 00513nam a2200181Ia 4500
008 - FIXED-LENGTH DATA ELEMENTS--GENERAL INFORMATION
fixed length control field 191130s1989##################000#0#eng##
020 ## - INTERNATIONAL STANDARD BOOK NUMBER
ISBN 9780486260600
082 ## - DEWEY DECIMAL CLASSIFICATION NUMBER
Classification number 741.6 GIU
100 ## - MAIN ENTRY--AUTHOR NAME
Personal name Giuliani, Bob
245 ## - TITLE STATEMENT
Title Ready-to-use baseball illustrations
Statement of responsibility, etc Bob Giuliani
260 ## - PUBLICATION, DISTRIBUTION, ETC. (IMPRINT)
Place of publication Mineola, NY
Name of publisher Dover Publications
Year of publication 1989
300 ## - PHYSICAL DESCRIPTION
Number of Pages 32 p. ; 31 cm
650 ## - SUBJECT ADDED ENTRY--TOPICAL TERM
Topical Term baseball illustrations
991 ## -
-- 424768

No items available.

Find us on the map